MDQL
is popping MORE tags! Check the
thread
!
Quizzes
Events
Quiz Creation
Community
Videos
Private Events
Remove Ads
Sign In
Join for FREE
Feedback
Dark Mode
Quiz Categories
Sports
Geography
Music
Movies
Television
Just For Fun
Miscellaneous
History
Literature
Language
Science
Gaming
Entertainment
Religion
Holiday
For Kids
Quiz Lab
Recent
Popular Today
Quiz Kudos Today
Editor Picks
Curator Picks
Quizzes by...
Day
Popularity
Type
Ratings
Length
Year
Community
Subscriptions
Recent Discussions
Orange Saloon
Badges
Playlists
Quests
Create
Leaderboards
Showdown
Live 5
Trivia Bingo
Activity
Puzzle Library
Sporcle Events
Private Events
Virtual Trivia
Globe League
Become a Host
Pub Owners
SporcleCon
Opinionation
Our Games
Videos
Blog
Mobile Apps
Partnerships
Remove Ads and Go Orange
Feedback
Just For Fun
Clickable
Get the Picture
Humor
Quick Pick
Word Ladder
Missing Word
Mixed Word
Blitz
Minefield
This or That
Alphabet
Color
Typing
Sporcle
Puzzle
Word Play
Follow That Line
Logic
Just For Fun
Clickable
Get the Picture
Humor
Quick Pick
Word Ladder
Missing Word
Mixed Word
Blitz
Minefield
This or That
Alphabet
Color
Typing
Sporcle
Puzzle
Word Play
Follow That Line
Logic
Random Quiz
Search Sporcle
×
Quiz Lab
Quiz Lab
Just For Fun
Edition
Type in answers that appear in a list
Type in answers that appear in a list
Classic
Best Score? Go Orange.
Guess the lyrics 2 (Movie edition) Stats
Can you name the Guess the lyrics 2 (Movie edition)?
By
matrix234
15m
190 Questions
163 Plays
163 Plays
163 Plays
Comments
Comments
Give Quiz Kudos
Give Quiz Kudos
-
- Ratings
hide this ad
More Info
Replay
Link that replays current quiz
Next Quiz
Link to next quiz in quiz playlist
You Got
0%
They Got
Avg Score
51%
Avg Friend Score
Upgrade to see
Score Distribution
Jump to the score distribution portion of the page
Score
0/190
Timer
15:00
0
Plays Today
% Correct
and
97.5%
the
97.5%
a
97.5%
a
97.5%
and
97.5%
a
97.5%
the
97.5%
and
97.5%
a
97.5%
and
97.5%
a
97.5%
and
97.5%
and
97.5%
you
91.4%
you
91.4%
you
91.4%
you
91.4%
you
91.4%
you
91.4%
you
91.4%
you
91.4%
you
91.4%
you
91.4%
be
89.6%
be
89.6%
be
89.6%
be
89.6%
be
89.6%
to
87.7%
to
87.7%
to
87.1%
to
87.1%
me
84%
me
84%
me
84%
me
84%
me
84%
we
81%
we
81%
for
79.1%
for
79.1%
on
78.5%
on
78.5%
it
77.9%
it
77.9%
it
77.9%
go
76.7%
go
76.7%
in
76.7%
do
76.7%
love
76.1%
will
74.2%
will
74.2%
will
74.2%
will
74.2%
will
74.2%
will
74.2%
will
74.2%
of
73.6%
of
73.6%
where
71.8%
your
69.3%
your
69.3%
your
69.3%
% Correct
your
69.3%
your
69.3%
who
68.7%
who
68.7%
no
67.5%
if
65%
if
65%
there
64.4%
that
62.6%
that
62.6%
that
62.6%
that
62.6%
that
62.6%
then
60.7%
know
60.7%
know
60.7%
cant
60.1%
ever
59.5%
see
59.5%
as
54.6%
as
54.6%
us
52.8%
this
52.1%
this
52.1%
this
52.1%
all
51.5%
Ill
51.5%
ill
51.5%
ill
51.5%
I'll
51.5%
ill
51.5%
all
51.5%
Every
50.3%
never
50.3%
never
50.3%
never
50.3%
I
47.2%
I
47.2%
I
47.2%
I
47.2%
I
47.2%
time
46%
you're
46%
dont
46%
you're
46%
by
46%
now
45.4%
heart
45.4%
always
44.2%
just
42.3%
just
42.3%
youll
41.1%
make
39.3%
make
39.3%
out
37.4%
think
35%
think
35%
come
34.4%
come
34.4%
ive
33.1%
life
32.5%
life
32.5%
away
31.9%
way
31.9%
% Correct
way
31.9%
way
31.9%
way
31.9%
way
31.9%
need
31.3%
leave
29.4%
find
28.8%
down
28.2%
best
27.6%
forever
27%
Oh-oh-oh
26.4%
friend
25.8%
friend
25.8%
right
25.8%
side
25.2%
wish
23.9%
true
23.9%
matter
23.9%
wish
23.9%
true
23.9%
believe
23.9%
stay
23.3%
stay
23.3%
back
23.3%
back
23.3%
lets
20.9%
more
20.9%
eyes
20.2%
hope
19.6%
remember
19.6%
remember
19.6%
hope
19.6%
remember
19.6%
lose
19%
lose
19%
part
18.4%
long
17.8%
each
17.2%
mind
16.6%
mind
16.6%
fall
16%
special
15.3%
found
15.3%
bring
15.3%
care
14.7%
kind
9.8%
yesterday
9.8%
everywhere
9.8%
kind
9.8%
yesterday
9.8%
behind
9.2%
watching
8%
standing
8%
understands
7.4%
reaches
7.4%
apart
6.7%
such
5.5%
such
5.5%
gentle
4.9%
gentle
4.9%
shoulder
3.7%
Capser
1.8%
Quiz Playlist
Details
Report
Send in Message
Add To Playlist
More Info:
Guess the lyrics 2! Another great movie...a childhood classic! the last word is the name of the movie!
Classic:
Type in answers that appear in a list
Last Updated: Feb 16, 2017
Quiz Scoreboard
CHALLENGE
Sign Up to Join the Scoreboard
Show All
Scores
Hide
Comments
May contain spoilers
Recently Published
Holiday 10x10 Sorting Gallery
by lukepisani3
Holiday
15m
Two Season TV Shows II
by 123Four
Television
10m
Image Sorting: Flags VI
by Barbecue
Geography
2m
More to Explore
Quiz From the Vault
Featured Blog Post
14 Easter Pick-up Lines to Find Eggs With
hide this ad
You Might Also Like...
Tags
Edition
Today's Top Quizzes in Just For Fun
Browse Just For Fun
hide this ad
Today's Top Quizzes in Edition
Browse Edition
Top Contributed Quizzes in Just For Fun
1
Name Just One - 10 to 1: Just For Fun
2
Missing Word: 2-Letter A-Z II
3
Avatar the Last Airbender: Logic Puzzle
4
Missing Letter Whitney Houston Songs
5
Missing Word: 'Of' Things A-Z
6
It's Magic / Witchcraft 🎩🪄🧙♀️
7
Eurovision 2024 Countries Logic Puzzle
8
Survivor Winners Logic Puzzle
9
Missing Word: 'Of' Things A-Z II
10
Killer Double Trees 224 - Colour Match-Up
Explore More
Trending Topics
Crossword
Disney
Harry Potter
Anime
Kpop
NBA
Marvel
Pokémon
The Office
Soccer
WWE
Song
Puzzle
Country
NFL
hide this ad
More By:
matrix234
Quiz
Plays
Rating
Category
Featured
Created
Guess the lyrics 4 (Movie edition)
200
3.67
Just For Fun
Nov 28, 2010
Guess the lyrics 3 (Movie edition)
169
3.00
Just For Fun
Nov 27, 2010
Guess the lyrics 2 (Movie edition)
163
2.33
Just For Fun
Nov 18, 2010
Guess the lyrics (Movie edition) 5!
117
5.00
Just For Fun
Dec 3, 2010
Guess the lyrics (Movie edition)
114
4.00
Just For Fun
Nov 17, 2010
Go to Creator's Profile
Score Distribution
Quiz Creator Spotlight
matrix234
Follow
Send a Message
Quizzes Created
-
Created Quiz Play Count
-
More By This Creator
Popular Quizzes Today
1
Find the US States - No Outlines Minefield
2
Colored Red Africa Blitz
3
Find the 'City' Movie
4
The Countries of the World
5
5x2 Blitz: Bands
6
Find the Countries of Europe - No Outlines Minefield
7
Find the US States
8
US States
More Just For Fun Quizzes
Brownie Logic Puzzle
Quiz Lab
Trending Quizzes
Colored Red Europe Blitz I
Colored Red Africa Blitz II
Colored Red Europe Blitz II
Even More Two Season TV Shows
Colored Red Africa Blitz III
Recently Updated
Quick Pick: 20 Twenties
pecheneg
March Madness Men's Triple Doubles
pecheneg
How Do You Spell That?
pecheneg
Godzilla Movies
pecheneg
Grab Bag: 4-10 Letters
pecheneg
2024 March Madness Bracket
pecheneg
Famous TV Couples
Peacemaker
Champions League XIs: Real Madrid
pecheneg
Largest US Cities 1790-2010
pecheneg
Rides in Walt Disney World
pecheneg
Trending Topics
Disney
Marvel
Kpop
Crossword
Anime
NBA
Harry Potter
The Office
Country
Song
Puzzle
WWE
Pokémon
Soccer
NFL
Your Account Isn't Verified!
In order to create a playlist on Sporcle, you need to verify the email address you used during registration. Go to your
Sporcle Settings
to finish the process.
Report this User
Report this user for behavior that violates our
Community Guidelines
.
Details:
Send Report
Go to the Sporcle.com Mobile Site →
Comments